| 000 | | | 06155nac2a22003733x 450 |
| 001 | | | 416a64a0-e6e0-4d6e-8125-518cc7582493 |
| 005 | | | 20240819181226.0 |
| 100 | ## | $a | 20240716l1879 k y0rusy50 ca |
| 101 | 0# | $a | rus |
| 102 | ## | $a | RU |
| 105 | ## | $a | y j ||||| |
| 122 | 0# | $a | d18790308 |
| 200 | 1# | $a | Прошение астраханского купца 1-й гильдии (армянина) Н. И. Агабабова на имя астраханского генерал-губернатора о зачислении Агабабова в штат астраханской таможни и об определении детей в учебные заведения, с приложением копии сборника постановлений по Министерству народного просвещения о заслугах предков Агабабова |
| | $j | 08.03.1879 |
| 215 | ## | $a | 4 листа |
| | $d | 40,3 х 25,4 |
| 251 | ## | $c | Дело |
| 300 | ## | $a | Рукописный текст |
| 300 | ## | $a | Заголовок дела на папке: Прошение астраханского купца 1-й гильдии (армянина) Н. И. Агабабова на имя астраханского генерал-губернатора о зачислении Агабабова к штату астраханской таможни и об определении детей в учебные заведения, с приложением копии сборника постановлений по Министерству народного просвещения о заслугах предков Агабабова |
| 325 | ## | $a | Замикрофильмировано |
| 330 | ## | $a | Входит в раздел описи: Материалы по Астраханскому, Саратовскому и Самарскому генерал-губернаторству Лорис-Меликова М. Т. 02.02.1879 - 02.05.1879 |
| 461 | #0 | $1 | 001cda3d175-ae4a-411a-8dea-9cc20fb178f6 |
| | $1 | 2001 |
| | $a | Лорис-Меликов Михаил Тариелович, граф, министр внутренних дел, главный начальник "верховной распорядительной комиссии по охранению государственного порядка и общественного спокойствия", генерал от кавалерии |
| | $1 | 251 |
| | $c | Фонд |
| | $1 | 852 |
| | $j | 569 |
| 462 | #0 | $1 | 001163e060a-d7cc-404d-90ee-e28c9801971b |
| | $1 | 2001 |
| | $a | Опись дел фонда М. Т. Лорис-Меликова за 1858-1915 гг. |
| | $v | Д. 9 |
| | $1 | 251 |
| | $c | Опись |
| | $1 | 852 |
| | $j | 1 |
| 517 | 1# | $a | Прошение астраханского купца 1-й гильдии (армянина) Н. И. Агабабова на имя астраханского генерал-губернатора о зачислении Агабабова к штату астраханской таможни и об определении детей в учебные заведения, с приложением копии сборника постановлений по Министерству народного просвещения о заслугах предков Агабабова |
| 600 | #1 | $a | Агабабов |
| | $b | Н. И. |
| 601 | 01 | $3 | RU\NLR\AUTH\661454178 |
| | $a | Россия |
| | $b | Министерство народного просвещения |
| 601 | 02 | $a | Астраханский генерал-губернатор |
| 605 | ## | $3 | DITM\AF\0000002775 |
| | $a | Власть |
| | $l | коллекция |
| | $2 | acquisition_prlib |
| 607 | ## | $a | Астраханская губерния |
| 610 | 1# | $a | Таможня |
| | $a | Сборник постановлений |
| | $a | Заслуги предков |
| 686 | ## | $a | 63.3(2)535-332ю1 |
| | $c | История |
| | $2 | rubbk |
| 686 | ## | $a | 67.400.6ю1 |
| | $c | Право |
| | $2 | rubbk |
| 700 | #1 | $a | Агабабов |
| | $b | Н. И. |
| 801 | #0 | $a | RU |
| | $b | GA_RF |
| 801 | #1 | $a | RU |
| | $b | ГлавНИВЦ |
| | $c | 20240716 |
| | $2 | rusmarc |
| 801 | #2 | $a | RU |
| | $b | ПБ им. Б.Н. Ельцина |
| | $c | 20240819 |
| | $g | RCR |
| | $2 | rusmarc |
| 852 | ## | $a | ГА РФ |
| | $j | 9 |
| 937 | ## | $d | 193621878 |
| | $h | ГАРФ |
| 035 | ## | $a | RuPRLIB51076432 |
| 856 | ## | $u | http://readingroom.main.prlib.ru/item.aspx?id_node=n193621878&mode=full |